[Event "BCC Annual Championship"]
[Site "?"]
[Date "2008.10.31"]
[Round "2.2"]
[White "Shaughnessy, Elizabeth"]
[Black "Krasnov, Steven"]
[Result "0-1"]
[WhiteElo "1552"]
[BlackElo "1961"]
[PlyCount "100"]
[EventDate "2008.??.??"]
[SourceDate "2007.10.22"]

1. e4 c5 2. c3 Nf6 3. e5 Nd5 4. d4 cxd4 5. Nf3 e6 6. cxd4 Bb4+ 7. Bd2 Nc6 8.
Bc4 Nb6 9. Bb3 a5 10. a3 Be7 11. O-O d6 12. exd6 Qxd6 13. Bc3 Bf6 14. Re1 Nd5
15. Nbd2 O-O 16. Ne4 Qd8 17. Nxf6+ Qxf6 18. Bc2 b6 19. Qd3 g6 20. Bd2 Ba6 21.
Qe4 Rfe8 22. Bh6 Rac8 23. Bb3 Nce7 24. Ne5 Nf5 25. Ng4 Qd8 26. Qe5 f6 27. Nxf6+
Nxf6 28. Bxe6+ Kh8 29. Bg5 Kg7 30. Bxf6+ Qxf6 31. Qxf6+ Kxf6 32. Bxc8 Rxc8 33.
Rad1 Rc2 34. d5 Be2 35. Rc1 Rxb2 36. Rc6+ Kf7 37. Re6 Bc4 38. R6e5 Rd2 39. Re6
b5 40. Ra6 a4 41. Ra7+ Kf6 42. Rxh7 Rxd5 43. g4 Nd4 44. Ree7 Nf3+ 45. Kg2 Ng5
46. Rhg7 Rd2 47. h4 Bd5+ 48. Kg3 Rd3+ 49. Kh2 Rh3+ 50. Kg1 Rh1# 0-1

[Event "David Pruess FNM; 30/90, SD/30"]
[Site "Berkeley"]
[Date "2008.09.26"]
[Round "4.5"]
[White "Shaughnessy, Elizabeth"]
[Black "Landrum, Brett John David"]
[Result "1-0"]
[WhiteElo "1587"]
[BlackElo "1502"]
[PlyCount "55"]
[EventDate "2008.??.??"]
[SourceDate "2007.10.22"]

1. e4 e5 2. d4 exd4 3. Qxd4 Nc6 4. Qe3 b6 5. Nc3 Bc5 6. Qg3 Bd4 7. Bf4 d6 8.
Bb5 Bd7 9. O-O-O Qf6 10. Nge2 Be5 11. Nd5 Bxf4+ 12. Nexf4 Qe5 13. Nxc7+ Kd8 14.
Nxa8 Nd4 15. Bc4 Bb5 16. Bxb5 Nxb5 17. Rd5 Qe8 18. Qxg7 Ne7 19. Qf6 Kc8 20.
Rxb5 Kb7 21. Nxb6 axb6 22. Qd4 Nc8 23. a4 Rg8 24. Qd5+ Ka7 25. a5 Ka6 26. Rb3
h6 27. Qa8+ Na7 28. Rxb6+ 1-0

[Event "Shorman Sunday Night Marathon"]
[Site "?"]
[Date "2007.12.16"]
[Round "2"]
[White "Shaughnessy, Elizabeth"]
[Black "Landrum, Brett"]
[Result "1-0"]
[WhiteElo "1593"]
[BlackElo "1408"]
[PlyCount "79"]
[EventDate "2007.12.09"]
[SourceDate "2007.10.22"]

1. e4 e5 2. Nf3 Nc6 3. d4 exd4 4. Nxd4 Nxd4 5. Qxd4 Qf6 6. Qc4 Bd6 7. Nc3 c6 8.
Be3 b5 9. Qd3 Be5 10. a3 a5 11. Be2 Ba6 12. Qd2 Ne7 13. Bg4 O-O 14. Bg5 Bxc3
15. bxc3 Qe5 16. Bxe7 Qxe7 17. O-O Qxe4 18. Qxd7 Bc8 19. Rfe1 Qxg4 20. Qxc6 Ba6
21. Re4 Qg6 22. Qd5 Rab8 23. Re7 Qxc2 24. Rae1 Qxc3 25. Qd6 Qc8 26. Rc7 Qd8 27.
Rd7 Qc8 28. Rc7 Qd8 29. Rd7 Qb6 30. Qe7 b4 31. Rd6 Qb5 32. axb4 axb4 33. Qc7
Rfc8 34. Qe7 b3 35. Qa7 Ra8 36. Qe7 b2 37. Qe4 Rc1 38. Qxa8+ Rc8 39. Rd8+ Rxd8
40. Qxd8+ 1-0

[Event "Berkeley CC Christiansen FNM; 30/90, SD/"]
[Site "Berkeley"]
[Date "2012.06.15"]
[Round "6.7"]
[White "Shaughnessy, Eliza"]
[Black "Lesquillier, Walter"]
[Result "0-1"]
[WhiteElo "1524"]
[BlackElo "1747"]
[PlyCount "41"]
[EventDate "2012.??.??"]

1. e4 c5 2. Nf3 e6 3. d4 cxd4 4. Nxd4 Nf6 5. e5 Qa5+ 6. c3 Qxe5+ 7. Be3 Nd5 8.
Nf3 Nxe3 9. Nxe5 Nxd1 10. Kxd1 Bc5 11. Nd3 Bb6 12. Nd2 d5 13. Kc2 Nc6 14. Rd1
e5 15. f3 Bf5 16. Kc1 O-O 17. Be2 Rac8 18. Ne1 Be3 19. Nc2 Bh6 20. Kb1 Nd4 21.
cxd4 0-1

[Event "BCC Championship"]
[Site "Berkeley"]
[Date "2008.12.19"]
[Round "8.7"]
[White "Shaughnessy, Elizabeth"]
[Black "Macintyre, Brendan"]
[Result "0-1"]
[WhiteElo "1552"]
[BlackElo "1636"]
[PlyCount "92"]
[EventDate "2008.??.??"]
[SourceDate "2007.10.22"]

1. e4 c5 2. Nf3 Nc6 3. c3 d5 4. e5 Bg4 5. Bb5 e6 6. d4 cxd4 7. cxd4 Nge7 8. Be3
a6 9. Be2 Nf5 10. O-O Be7 11. Nbd2 O-O 12. a3 f6 13. h3 Nxe3 14. fxe3 Bxf3 15.
Nxf3 fxe5 16. dxe5 Qb6 17. Qd2 Bc5 18. Qc2 Bxe3+ 19. Kh1 Qc5 20. Qb1 Qe7 21.
Qd3 Bf4 22. Qc3 Rac8 23. Qb3 Bxe5 24. Nxe5 Nxe5 25. Qg3 Rxf1+ 26. Rxf1 Nd7 27.
Bh5 Nf6 28. Qh4 Rc4 29. g4 b5 30. b3 Rc3 31. Qg5 Rxh3+ 32. Kg2 Rc3 33. Qe5 Rc2+
34. Kh3 Rc8 35. Rf5 Nxh5 36. gxh5 Rf8 37. Rxf8+ Kxf8 38. Qb8+ Kf7 39. Qf4+ Ke8
40. Qb8+ Qd8 41. Qe5 Qd7 42. Qb8+ Ke7 43. Qg8 e5+ 44. Kh4 Kf6 45. Qxh7 Qf5 46.
Qg8 Qg5+ 0-1

[Event "George Koltanowski Sunday Marathon"]
[Site "?"]
[Date "2007.10.28"]
[Round "2"]
[White "Shaughnessy, Elizabeth"]
[Black "Mann, Steven"]
[Result "1-0"]
[WhiteElo "1602"]
[BlackElo "1454"]
[PlyCount "63"]
[EventDate "2007.10.28"]
[SourceDate "2007.10.22"]

1. e4 e5 2. Nf3 Nc6 3. Bc4 Bc5 4. O-O Nf6 5. d3 d6 6. Bg5 Bg4 7. Nbd2 h6 8. Be3
Nd4 9. c3 Nxf3+ 10. Nxf3 Bxe3 11. fxe3 O-O 12. Qb3 Qe7 13. Nh4 c6 14. Ng6 Qd7
15. Nxf8 Rxf8 16. Qc2 b5 17. Bb3 a5 18. a4 Qa7 19. d4 b4 20. Bc4 Be6 21. Bxe6
fxe6 22. Rf3 exd4 23. exd4 e5 24. Qf2 bxc3 25. bxc3 exd4 26. cxd4 Qe7 27. Re1
Re8 28. e5 Nd5 29. Qd2 Qd7 30. Qxa5 dxe5 31. Rxe5 Rb8 32. Qe1 {(Black flags)}
1-0

[Event "BCC Adolf Anderssen Friday Night Marath"]
[Site "Berkeley"]
[Date "2009.01.23"]
[Round "3.4"]
[White "Shaughnessy, Elizabeth"]
[Black "Motschenbacher, Von"]
[Result "0-1"]
[WhiteElo "1572"]
[BlackElo "1772"]
[PlyCount "98"]
[EventDate "2009.??.??"]
[SourceDate "2007.10.22"]

1. e4 e6 2. d4 d5 3. exd5 exd5 4. Nf3 Bd6 5. c4 c6 6. Nc3 Ne7 7. Ne5 f6 8. Nf3
Bg4 9. cxd5 cxd5 10. Bb5+ Nbc6 11. O-O O-O 12. a3 a6 13. Ba4 b5 14. Bb3 Kh8 15.
Be3 Qd7 16. Bc2 Rac8 17. Qd3 Bf5 18. Qd2 Bxc2 19. Qxc2 Rfe8 20. Qd2 Na5 21. Qd1
Nc4 22. Qb1 Nxa3 23. bxa3 Rxc3 24. Qb2 Rec8 25. Rfc1 Qc7 26. Bd2 Rc2 27. Rxc2
Qxc2 28. Qxc2 Rxc2 29. Bb4 Bxb4 30. axb4 Kg8 31. Kf1 Rc6 32. Nd2 Nf5 33. Nb3
Rc4 34. Rxa6 Rxb4 35. Ra3 Nxd4 36. Nxd4 Rxd4 37. Ra8+ Kf7 38. Rb8 b4 39. Ke2
Ke6 40. Ke3 Rc4 41. Kd3 Ke5 42. f3 Rc3+ 43. Kd2 Rc4 44. Kd3 h5 45. g3 g5 46.
Rb5 Rc3+ 47. Kd2 Rxf3 48. Rxb4 Rf2+ 49. Ke3 Rxh2 0-1

[Event "Berkeley CC Ch2011 FNM; 30/90, SD/30"]
[Site "Berkeley"]
[Date "2011.11.11"]
[Round "2.14"]
[White "Shaughnessy, Elizabeth"]
[Black "Motschenbacher, Von"]
[Result "1/2-1/2"]
[WhiteElo "1582"]
[BlackElo "1687"]
[PlyCount "48"]
[EventDate "2011.??.??"]
[SourceDate "2007.10.22"]

1. e4 e6 2. d4 d5 3. Nc3 Bb4 4. Bd3 dxe4 5. Bxe4 Nf6 6. Bf3 O-O 7. Nge2 c5 8.
O-O Nc6 9. d5 Ne5 10. Nf4 g5 11. Nh5 Bxc3 12. Nxf6+ Qxf6 13. bxc3 Nxf3+ 14.
Qxf3 Qxf3 15. gxf3 exd5 16. Bxg5 h5 17. Be7 Bh3 18. Rfd1 Rfe8 19. Bxc5 Re6 20.
Kh1 Rg6 21. Rg1 b6 22. Bd4 Re8 23. Be3 Rc8 24. Bd4 Re8 1/2-1/2

[Event "David Pruess FNM; 30/90, SD/30"]
[Site "Berkeley"]
[Date "2008.10.10"]
[Round "6.5"]
[White "Shaughnessy, Elizabeth"]
[Black "Nelson, Christopher"]
[Result "1-0"]
[WhiteElo "1587"]
[BlackElo "1431"]
[PlyCount "70"]
[EventDate "2008.??.??"]
[SourceDate "2007.10.22"]

1. e4 e5 2. d4 exd4 3. Qxd4 Nc6 4. Qe3 Nf6 5. Nc3 Bb4 6. Bd2 O-O 7. O-O-O Re8
8. f3 d6 9. Bc4 Ne5 10. Bb3 c6 11. Nge2 Bc5 12. Nd4 d5 13. Qf2 dxe4 14. Nxe4
Bxd4 15. Nxf6+ gxf6 16. Qg3+ Ng6 17. Bh6 Qb6 18. Kb1 Be6 19. h4 Bxb3 20. axb3
Bf2 21. Qg4 Bxh4 22. Rxh4 Rad8 23. Rdh1 Qf2 24. Bc1 Re1 25. Rxh7 Rxh1 26. Rxh1
Qc5 27. Qh3 Kf8 28. Bh6+ Kg8 29. Bc1 Kf8 30. Bh6+ Ke8 31. Re1+ Ne5 32. Bg7 Qa5
33. Qh8+ Kd7 34. Rd1+ Kc8 35. Rxd8+ Qxd8 1-0

[Event "BCC Adolf Anderssen Friday Night Marath"]
[Site "Berkeley"]
[Date "2009.01.30"]
[Round "4.6"]
[White "Shaughnessy, Elizabeth"]
[Black "Rozenblatt, Daniel"]
[Result "0-1"]
[WhiteElo "1572"]
[BlackElo "1398"]
[PlyCount "48"]
[EventDate "2009.??.??"]
[SourceDate "2007.10.22"]

1. e4 c5 2. c3 e6 3. d4 cxd4 4. cxd4 d5 5. Nc3 dxe4 6. Nxe4 Nc6 7. Nf3 Bb4+ 8.
Nc3 Nge7 9. a3 Ba5 10. b4 Bb6 11. Be3 O-O 12. Bc4 Nf5 13. Ne2 Nh4 14. Nxh4 Qxh4
15. b5 Ne7 16. Qb3 Nf5 17. Rd1 e5 18. g3 Qg4 19. dxe5 Nxe3 20. fxe3 Qe4 21. Rf1
Ba5+ 22. Kf2 Bh3 23. Rg1 Bg4 24. Rd4 Qf3# 0-1

[Event "Berkeley CC Capablanca FNM; 30/90, SD/3"]
[Site "Berkeley"]
[Date "2011.09.30"]
[Round "3.12"]
[White "Shaughnessy, Elizabeth"]
[Black "Sowell, Nelson M"]
[Result "0-1"]
[WhiteElo "1580"]
[BlackElo "1717"]
[PlyCount "24"]
[EventDate "2011.??.??"]
[SourceDate "2007.10.22"]

1. e4 Nf6 2. Nc3 d5 3. e5 d4 4. Nb5 Ng4 5. Nf3 c5 6. c3 d3 7. c4 a6 8. Nc3 Nc6
9. Qa4 Bd7 10. Qb3 Nb4 11. Rb1 Nc2+ 12. Kd1 Nxf2# 0-1

[Event "Shorman Sunday Night Marathon"]
[Site "?"]
[Date "2008.01.20"]
[Round "5"]
[White "Shaughnessy, Elizabeth"]
[Black "Van Gorder, Neil"]
[Result "1-0"]
[WhiteElo "1602"]
[BlackElo "1259"]
[Annotator ",Elizabeth"]
[PlyCount "63"]
[EventDate "2008.??.??"]
[SourceDate "2007.10.22"]

1. e4 c5 2. Nf3 d6 3. c3 Nf6 4. Qc2 Bg4 5. Be2 Nc6 6. O-O Qb6 7. Na3 a6 8. Nc4
Qa7 9. Ne3 Bd7 10. Bc4 b5 11. Bd5 e6 12. Bxc6 Bxc6 13. d3 Be7 14. Bd2 O-O 15.
Ng5 Rac8 16. c4 Nd7 17. f4 Bf6 18. Rf3 Bd4 19. Rh3 Nf6 20. Nf3 bxc4 21. Nxd4
cxd4 22. Nxc4 Bb5 23. Qb3 Nxe4 24. dxe4 Bxc4 25. Qd1 Rc5 26. Bb4 Rc6 27. b3 a5
28. Bxd6 Bxb3 29. Qh5 d3+ 30. Kh1 h6 31. Bxf8 Kxf8 ({
(I think black can barely survive, with perfect play. Fritz may prove me wrong:
} 31... d2 32. Ba3 (32. Rf3 d1=Q+ 33. Rxd1 Bxd1) 32... Qf2 (32... Rc1+ 33. Rxc1
(33. Bxc1 d1=Q+ 34. Qxd1 Bxd1) 33... dxc1=Q+ 34. Bxc1 Qf2 35. Be3 Qf1+ 36. Bg1)
33. Rg1 (33. Rf3 Rc1+ 34. Rxc1 dxc1=Q+ 35. Bxc1 Qe1+) 33... Qxg1+ 34. Kxg1
d1=Q+ 35. Qxd1 Bxd1) 32. axb3 1-0

[Event "Berkeley CC Capablanca FNM; 30/90, SD/3"]
[Site "Berkeley"]
[Date "2011.09.16"]
[Round "1.8"]
[White "Shaughnessy, Elizabeth"]
[Black "Vidanovic, Dragan"]
[Result "0-1"]
[WhiteElo "1580"]
[BlackElo "1950"]
[PlyCount "24"]
[EventDate "2011.??.??"]
[SourceDate "2007.10.22"]

1. e4 c5 2. c3 d5 3. exd5 Qxd5 4. Nf3 Bg4 5. Qa4+ Bd7 6. Bb5 Nc6 7. O-O Nf6 8.
d4 e6 9. Be3 Be7 10. Nbd2 O-O 11. Qc2 cxd4 12. Nxd4 Nxd4 0-1

[Event "Joseph Henry Blackburne FNM; 30/90, SD/"]
[Site "Berkeley"]
[Date "2009.03.20"]
[Round "2.3"]
[White "Shaughnessy, Elizabeth"]
[Black "Watson, Farid Mark"]
[Result "0-1"]
[WhiteElo "1555"]
[BlackElo "1938"]
[PlyCount "65"]
[EventDate "2009.??.??"]
[SourceDate "2007.10.22"]

1. e4 g6 2. d4 Bg7 3. Nf3 d6 4. Bc4 c6 5. O-O Nf6 6. Re1 O-O 7. Qd3 d5 8. exd5
Bf5 9. Qb3 b5 10. Bd3 Bxd3 11. Qxd3 Nxd5 12. Nbd2 Na6 13. c3 Qb6 14. Ne5 Rad8
15. Ndf3 c5 16. Be3 Nxe3 17. Qxe3 cxd4 18. Nxd4 Nb8 19. Nef3 e6 20. Qe4 Rd5 21.
Qg4 e5 22. Ne2 Rfd8 23. Ng3 Nd7 24. Qh3 Nf8 25. Ne4 h6 26. Ned2 Rxd2 27. Nxd2
Rxd2 28. Qg3 Ne6 29. b3 Nf4 30. Qf3 Nd3 31. Rf1 e4 32. Qxe4 Bxc3 33. Qh4 0-1

[Event "BCC Grand ReOpening 2007"]
[Site "?"]
[Date "2007.10.07"]
[Round "?"]
[White "Shaughnessy, Elizabeth"]
[Black "Watson, Farid"]
[Result "0-1"]
[WhiteElo "1602"]
[BlackElo "1954"]
[PlyCount "76"]
[EventDate "2007.??.??"]
[SourceDate "2007.10.22"]

1. e4 g6 2. d4 Bg7 3. Nf3 d6 4. Be2 c5 5. c3 Nf6 6. Qc2 cxd4 7. cxd4 O-O 8. O-O
Nc6 9. a3 Bg4 10. Be3 Rc8 11. Qd3 d5 12. Nbd2 Nxe4 13. Nxe4 Bf5 14. Nf6+ Bxf6
15. Qd2 Na5 16. Qd1 Bc2 17. Qe1 Nb3 18. Ra2 a5 19. a4 Qb6 20. Ne5 Bxe5 21. dxe5
d4 22. Bg5 Qe6 23. Ra3 Qxe5 24. f4 Qe6 25. Qf2 Rc7 26. Re1 Qd6 27. Bd3 Bxd3 28.
Rxb3 Bf5 29. Qf3 d3 30. Rxb7 d2 31. Rd1 Rxb7 32. Qxb7 Qd4+ 33. Kh1 Qe3 34. Qxe7
Qxe7 35. Bxe7 Re8 36. Bh4 Re2 37. Kg1 Bc2 38. Kf1 Bxd1 0-1

[Event "BCC Grand ReOpening 2007"]
[Site "?"]
[Date "2007.10.07"]
[Round "5"]
[White "Shaughnessy, Stephen"]
[Black "Boudreaux, Brenda"]
[Result "1-0"]
[WhiteElo "1678"]
[BlackElo "1379"]
[PlyCount "99"]
[EventDate "2007.??.??"]
[SourceDate "2007.10.22"]

1. e4 d5 2. d4 dxe4 3. Nc3 Nf6 4. f3 exf3 5. Qxf3 Qxd4 6. Be3 Qb4 7. O-O-O Nc6
8. Nb5 e5 9. Nxc7+ Ke7 10. Nxa8 Bg4 11. Qf2 Ne4 12. Qh4+ Nf6 13. Nc7 Qa5 14.
Nd5+ Ke6 15. Nxf6 Bxd1 16. Bc4+ Kd6 17. Ne4+ Kc7 18. Kxd1 Be7 19. Qe1 Rd8+ 20.
Nd2 Qb4 21. Bb3 f6 22. Ne2 Na5 23. a3 Qg4 24. Qg3 Qe4 25. Nc3 Qg6 26. Qxg6 hxg6
27. Nd5+ Kd7 28. Nxe7 Kxe7 29. Bxa7 Nxb3 30. cxb3 e4 31. Ke2 f5 32. Rc1 Rd7 33.
Nc4 b5 34. Ne5 Rxa7 35. Nc6+ Kf6 36. Nxa7 f4 37. Nxb5 g5 38. a4 g4 39. a5 g5
40. a6 f3+ 41. gxf3 gxf3+ 42. Kf2 Kf5 43. a7 Kf4 44. a8=Q e3+ 45. Kf1 g4 46.
Rc4+ Ke5 47. Qe4+ Kf6 48. Rc6+ Kf7 49. Qe6+ Kf8 50. Rc8+ 1-0

[Event "George Koltanowski Sunday Marathon"]
[Site "?"]
[Date "2007.11.18"]
[Round "5"]
[White "Shaughnessy, Stephen"]
[Black "Krasnov, Steven"]
[Result "0-1"]
[WhiteElo "1678"]
[BlackElo "1960"]
[Annotator ",Elizabeth"]
[PlyCount "66"]
[EventDate "2007.10.28"]
[SourceDate "2007.10.22"]

1. e4 c5 2. b4 cxb4 3. d4 e6 4. f4 d5 5. e5 Nc6 6. Nf3 Nh6 7. a3 Qb6 8. axb4
Bxb4+ 9. c3 Be7 10. Ba3 Bd7 11. Bxe7 Nxe7 12. Bd3 Nef5 13. Qd2 O-O 14. Na3 a6
15. Rb1 Qa5 16. Nc2 Qc7 17. O-O Rfc8 18. Rb3 Ba4 19. Ra3 Bxc2 20. Bxc2 b5 21.
Rb1 g6 22. h3 Ng3 23. Kh2 Nhf5 24. Bxf5 Nxf5 25. g4 Ne7 26. Qf2 Kg7 27. Qh4 Ng8
28. f5 h6 29. f6+ Kf8 30. Ng5 Qc4 31. Re1 b4 32. cxb4 Qxd4 33. Rb3 Qd2+ {
W resigns} 0-1

[Event "BCC Josh Friedel Marathon"]
[Site "Berkeley"]
[Date "2008.08.01"]
[Round "4.6"]
[White "Shaughnessy, Stephen"]
[Black "Nelson, Christopher"]
[Result "1-0"]
[WhiteElo "1713"]
[BlackElo "1492"]
[PlyCount "41"]
[EventDate "2008.??.??"]
[SourceDate "2007.10.22"]

1. e4 e5 2. d4 exd4 3. c3 dxc3 4. Bc4 cxb2 5. Bxb2 d5 6. Bxd5 Nf6 7. Nc3 Bd6 8.
Nf3 O-O 9. O-O Qe7 10. e5 Bxe5 11. Re1 Ng4 12. Nxe5 Nxe5 13. Na4 Rd8 14. Rxe5
Be6 15. Qd4 Kf8 16. Qd3 g6 17. Ba3 Rd6 18. Qf3 Nc6 19. Rxe6 Nd4 20. Qf6 Nxe6
21. Qh8# 1-0

[Event "Shorman Sunday Night Marathon"]
[Site "?"]
[Date "2007.12.16"]
[Round "2"]
[White "Shaughnessy, Stephen"]
[Black "Starr, Albert"]
[Result "1-0"]
[WhiteElo "1700"]
[BlackElo "1570"]
[PlyCount "140"]
[EventDate "2007.12.09"]
[SourceDate "2007.10.22"]

1. e4 e6 2. d4 c5 3. c3 a6 4. f4 cxd4 5. cxd4 b5 6. Nf3 Bb7 7. Bd3 Nf6 8. e5
Nd5 9. Ng5 g6 10. Qf3 Qb6 11. Qf2 Nc6 12. Nf3 Rc8 13. Nc3 Ncb4 14. Qd2 Nxf4 15.
Bb1 Bh6 16. Kf1 Bxf3 17. gxf3 Nc6 18. Ne4 O-O 19. Nf6+ Kg7 20. Nxd7 Qxd4 21.
Qxd4 Nxd4 22. Bxf4 Bxf4 23. Nxf8 Kxf8 24. Be4 Bxe5 25. Kg2 Ne2 26. Kf2 Nf4 27.
Rac1 Rxc1 28. Rxc1 f5 29. Rc8+ Ke7 30. Bc2 Bxb2 31. Rc7+ Kd6 32. Rxh7 a5 33.
Ke1 Kc5 34. Kd2 Kb4 35. Re7 e5 36. Rd7 Bc3+ 37. Kc1 Ne2+ 38. Kb1 Nd4 39. Bd1
Ka3 40. Rg7 e4 41. fxe4 Nf3 42. Rxg6 Nd2+ 43. Kc2 b4 44. exf5 Ne4 45. Ra6 a4
46. Ra5 b3+ 47. axb3 Bxa5 48. bxa4 Nf6 49. Kd3 Kb4 50. Kd4 Bd8 51. h4 Ng8 52.
h5 Nh6 53. Ke5 Bg5 54. f6 Nf7+ 55. Ke6 Nd8+ 56. Kf5 Nf7 57. Kg6 Bxf6 58. Kxf6
Nh6 59. Kg6 Ng8 60. h6 Nxh6 61. Kxh6 Ka5 62. Kg6 Kb4 63. Kf6 Ka5 64. Ke6 Kb6
65. Kd6 Ka6 66. Kc7 Ka7 67. Kc8 Ka8 68. Bf3+ Ka7 69. Bc6 Kb6 70. Bd7 Ka7 1-0

[Event "Purdy FNM; 30/90, SD/30"]
[Site "Berkeley"]
[Date "2010.01.08"]
[Round "1.12"]
[White "Shaughnessy, Stephen"]
[Black "Stearman, Josiah P"]
[Result "1/2-1/2"]
[WhiteElo "1711"]
[BlackElo "1216"]
[PlyCount "75"]
[EventDate "2010.??.??"]
[SourceDate "2007.10.22"]

1. e4 c5 2. b4 d6 3. bxc5 dxc5 4. Nf3 Nc6 5. c3 g6 6. e5 Bg7 7. d4 cxd4 8. cxd4
e6 9. Be2 Nge7 10. O-O O-O 11. Nc3 Nf5 12. Be3 f6 13. Bb5 fxe5 14. Bg5 Qb6 15.
Rb1 exd4 16. Ne4 Qc7 17. Re1 e5 18. Qb3+ Kh8 19. Rbc1 Bd7 20. Nc5 Rae8 21. Qd5
Rd8 22. Bxd8 Rxd8 23. Nxb7 Nfe7 24. Qf7 Qxb7 25. Ba4 Rf8 26. Qc4 Na5 27. Qc2
Rc8 28. Qd2 Rxc1 29. Rxc1 Bxa4 30. Qxa5 Bc6 31. Qd8+ Ng8 32. Ng5 Bf6 33. Qd6
Bxg2 34. Rc7 Qb1+ 35. Kxg2 Bxg5 36. Qd5 Qf5 37. Rxa7 Qg4+ 38. Kf1 1/2-1/2

[Event "Berkeley CC De Firmian FNM; 30/90, SD/30"]
[Site "Berkeley"]
[Date "2012.03.30"]
[Round "1.5"]
[White "Shen, Justin"]
[Black "Chamberlain, Ethan"]
[Result "0-1"]
[WhiteElo "1507"]
[BlackElo "1936"]
[PlyCount "120"]
[EventDate "2012.??.??"]

1. e4 c5 2. Nf3 g6 3. c3 d5 4. exd5 Qxd5 5. d4 Bg7 6. Na3 cxd4 7. Bc4 Qe4+ 8.
Be3 Nh6 9. cxd4 O-O 10. Nb5 Nc6 11. Nc3 Qf5 12. Qd2 Ng4 13. O-O Qh5 14. h3 Nf6
15. Be2 Qa5 16. a3 Be6 17. b4 Qd8 18. Ng5 Bd5 19. Bf3 Bxf3 20. Nxf3 e6 21. Rfe1
Rc8 22. Rac1 Nd5 23. Nxd5 Qxd5 24. Red1 b6 25. Bh6 Bxh6 26. Qxh6 f6 27. Qe3 Kg7
28. Re1 Rfe8 29. Rcd1 Rcd8 30. Rd2 Rd6 31. Qe4 Qxe4 32. Rxe4 Red8 33. Rde2 Kf7
34. Kh2 b5 35. Kg3 Ne7 36. Kh2 Nd5 37. Rc2 Nb6 38. Rc7+ R8d7 39. Rxd7+ Rxd7 40.
Re3 Rc7 41. Rd3 Rc2 42. Kg3 Ra2 43. Rc3 Nc4 44. Ne1 Rxa3 45. Rxa3 Nxa3 46. Nd3
Nc2 47. Kf3 Nxd4+ 48. Ke4 Nc2 49. f4 h5 50. g4 hxg4 51. hxg4 Ke7 52. f5 gxf5+
53. gxf5 exf5+ 54. Kxf5 Kf7 55. Kf4 Ke6 56. Ke4 f5+ 57. Kf4 Kf6 58. Kf3 Kg5 59.
Kg3 f4+ 60. Nxf4 Nxb4 0-1

[Event "Berkeley CC Ch2011 FNM; 30/90, SD/30"]
[Site "Berkeley"]
[Date "2011.11.11"]
[Round "2.6"]
[White "Shen, Justin"]
[Black "Krasnov, Steven"]
[Result "0-1"]
[WhiteElo "1352"]
[BlackElo "1974"]
[PlyCount "112"]
[EventDate "2011.??.??"]
[SourceDate "2007.10.22"]

1. d4 d5 2. c4 dxc4 3. Nc3 Nf6 4. Nf3 a6 5. a4 Nc6 6. Bg5 Bg4 7. e3 Na5 8. Be2
e6 9. Ne5 Bxe2 10. Qxe2 Bb4 11. O-O c6 12. Nxc4 h6 13. Bxf6 Qxf6 14. Ne4 Qe7
15. Rab1 O-O 16. Nxa5 Bxa5 17. Qc4 e5 18. dxe5 Qxe5 19. Qc5 Rfe8 20. b4 Bc7 21.
Qxe5 Bxe5 22. Ng3 g6 23. f4 Bc3 24. e4 Bd4+ 25. Kh1 h5 26. e5 b6 27. Ne2 Red8
28. Nxd4 Rxd4 29. g3 Kf8 30. Rfc1 Rc8 31. b5 axb5 32. axb5 c5 33. Ra1 Rb4 34.
Rab1 Rxb1 35. Rxb1 Ke7 36. Rc1 Ke6 37. Kg1 c4 38. Kf2 Kd5 39. Ke2 Kc5 40. Kd2
Kxb5 41. Rb1+ Kc5 42. Kc2 b5 43. Kc3 Ra8 44. Kb2 Rd8 45. Kc2 b4 46. Kb2 Rd2+
47. Kc1 Rxh2 48. Rb2 Rh3 49. Rg2 c3 50. Rg1 Kc4 51. Kb1 Rh2 52. Kc1 b3 53. Kb1
Ra2 54. e6 fxe6 55. f5 c2+ 56. Kc1 Kc3 0-1

[Event "Berkeley CC Ch2011 FNM; 30/90, SD/30"]
[Site "Berkeley"]
[Date "2011.12.02"]
[Round "5.15"]
[White "Shen, Justin"]
[Black "Larsen, Joseph"]
[Result "0-1"]
[WhiteElo "1352"]
[BlackElo "1620"]
[PlyCount "90"]
[EventDate "2011.??.??"]
[SourceDate "2007.10.22"]

1. d4 c5 2. d5 f5 3. c4 Nf6 4. Bg5 g6 5. Bxf6 exf6 6. Nc3 Bg7 7. e4 d6 8. Nf3
O-O 9. Bd3 fxe4 10. Nxe4 Re8 11. O-O Bg4 12. Qc2 Bxf3 13. gxf3 f5 14. Ng5 Qxg5+
15. Kh1 Be5 16. Rg1 Qh5 17. Rg2 Rf8 18. Be2 Bf4 19. Rag1 Nd7 20. b4 b6 21. bxc5
bxc5 22. a4 Ne5 23. Qc3 Rae8 24. Bd1 Re7 25. a5 Rb8 26. Be2 Rbb7 27. Bd1 Rb4
28. Be2 Reb7 29. Qc2 Rb2 30. Qd1 R7b4 31. Qe1 Rc2 32. a6 Rc1 33. Bd1 Rcxc4 34.
Be2 Rc1 35. Bd1 c4 36. Qxb4 Rxd1 37. Rxd1 Qxf3 38. Rdg1 Nd3 39. Qb8+ Kg7 40.
Qc7+ Kh6 41. Rf1 c3 42. Qe7 c2 43. Qf8+ Kh5 44. Qg7 Nxf2+ 45. Rfxf2 c1=Q+ 0-1

[Event "Berkeley CC Ch2011 FNM; 30/90, SD/30"]
[Site "Berkeley"]
[Date "2011.12.16"]
[Round "7"]
[White "Shen, Justin"]
[Black "Magganas, Alexander"]
[Result "1-0"]
[WhiteElo "1352"]
[BlackElo "1655"]
[PlyCount "41"]
[EventDate "2011.??.??"]
[SourceDate "2007.10.22"]

1. d4 Nf6 2. c4 g6 3. Nf3 Bg7 4. Nc3 d5 5. cxd5 Nxd5 6. e4 Nxc3 7. bxc3 c5 8.
Be3 O-O 9. Bc4 Bg4 10. Qd2 Bxf3 11. gxf3 Qc7 12. Be2 Rd8 13. d5 c4 14. Rb1 e6
15. Rb4 exd5 16. exd5 Qe5 17. Rxc4 Rxd5 18. Rc8+ Bf8 19. Bh6 Nc6 20. Rxa8 Rxd2
21. Rxf8# 1-0

[Event "Berkeley CC De Firmian FNM; 30/90, SD/30"]
[Site "Berkeley"]
[Date "2012.05.04"]
[Round "6.10"]
[White "Shen, Justin"]
[Black "Shan, Jonathan"]
[Result "0-1"]
[WhiteElo "1507"]
[BlackElo "1420"]
[PlyCount "78"]
[EventDate "2012.??.??"]

1. d4 d5 2. c4 e6 3. Nc3 Nf6 4. Bg5 Be7 5. Nf3 Nbd7 6. e3 b6 7. Bd3 dxc4 8.
Bxc4 Bb7 9. O-O Rc8 10. Rc1 c5 11. dxc5 Rxc5 12. Nb5 Bxf3 13. Qxf3 Rxg5 14. h4
Rg4 15. Bb3 O-O 16. Nd4 Ne5 17. Qh3 Bc5 18. Nxe6 fxe6 19. Bxe6+ Kh8 20. Bxg4
Nexg4 21. Rcd1 Qe7 22. Rd3 h5 23. Rd2 Ne4 24. Re2 Nexf2 25. Rfxf2 Nxf2 26. Rxf2
Qxe3 27. Qxe3 Bxe3 28. g4 hxg4 29. h5 g3 30. h6 gxf2+ 31. Kf1 g5 32. h7 Kxh7
33. a4 g4 34. b4 g3 35. a5 b5 36. a6 g2+ 37. Ke2 f1=B+ 38. Kd1 Bd2 39. Kc2 Bxb4
0-1

[Event "Berkeley CC Christiansen FNM; 30/90, SD/"]
[Site "Berkeley"]
[Date "2012.05.25"]
[Round "3.7"]
[White "Shen, Justin"]
[Black "Sowell, Nelson M"]
[Result "1/2-1/2"]
[WhiteElo "1516"]
[BlackElo "1741"]
[PlyCount "71"]
[EventDate "2012.??.??"]

1. e4 Nf6 2. e5 Nd5 3. d4 d6 4. Nf3 Bg4 5. Bc4 e6 6. O-O dxe5 7. dxe5 Be7 8. h3
Bh5 9. Qe2 c6 10. Rd1 O-O 11. Bxd5 cxd5 12. c4 Nc6 13. Nc3 Bxf3 14. gxf3 d4 15.
f4 Qb6 16. Na4 Qc7 17. b3 a6 18. c5 Rfd8 19. Ba3 Rd7 20. Nb2 Rad8 21. Rd3 Rd5
22. b4 b6 23. Rc1 b5 24. Qg4 Qc8 25. Rg3 Bf8 26. Nd3 Ne7 27. h4 Nf5 28. Rg2 g6
29. h5 Bg7 30. hxg6 hxg6 31. Rh2 Qc6 32. Qf3 Qc7 33. Kg2 Qe7 34. Rch1 g5 35.
fxg5 Qxg5+ 36. Kf1 1/2-1/2

[Event "Berkeley CC De Firmian FNM; 30/90, SD/30"]
[Site "Berkeley"]
[Date "2012.04.13"]
[Round "3.12"]
[White "Shen, Justin"]
[Black "Xu, Young"]
[Result "1-0"]
[WhiteElo "1507"]
[BlackElo "1157"]
[PlyCount "93"]
[EventDate "2012.??.??"]

1. d4 d5 2. c4 dxc4 3. Nc3 c5 4. d5 Nf6 5. e4 e6 6. Bxc4 b6 7. Bg5 Nbd7 8. dxe6
fxe6 9. Bxe6 Qe7 10. Nd5 Qd6 11. Nxf6+ Nxf6 12. Qxd6 Bxd6 13. Bxc8 Rxc8 14.
Bxf6 gxf6 15. Nf3 h5 16. Rd1 Ke7 17. Nh4 Ke6 18. Nf5 Be5 19. b3 Rhg8 20. g3 c4
21. f4 Bb8 22. Rc1 cxb3 23. Nd4+ Kf7 24. Nxb3 Rce8 25. Nd2 f5 26. e5 Rc8 27.
Ke2 a5 28. Nf3 Rc7 29. Rxc7+ Bxc7 30. Rc1 Bd8 31. Rc6 Rh8 32. Nd4 Rh7 33. Nxf5
Ke8 34. Rh6 Rxh6 35. Nxh6 a4 36. Nf5 a3 37. Nd6+ Kd7 38. Kd3 Kc6 39. Kc4 Be7
40. Nb5 Kb7 41. f5 Kc8 42. f6 Bc5 43. Kd5 Kd7 44. e6+ Ke8 45. Nc7+ Kf8 46. Kc6
Bb4 47. Kd7 1-0